[Event "AUTO-BEG-227"]
[Site "http://www.queenalice.com/game.php?id=421626"]
[Date "2008.6.22"]
[Round "1"]
[White "DrkAlucard"]
[Black "Paul_Potts_Nessun_Dorma"]
[Result "0-1"]
[WhiteElo "1181"]
[BlackElo "1230"]

1. b4 e5 2. Nf3 Nc6 3. Bb2 Bxb4 4. Bxe5 d6 5. Bd4 f6 6. Nh4 Nxd4 7. c3 Bf5 8.
cxd4 g6 9. Nxf5 gxf5 10. a3 Ba5 11. Qa4+ c6 0-1

[Event "AUTO-BEG-227"]
[Site "http://www.queenalice.com/game.php?id=421640"]
[Date "2008.6.22"]
[Round "1"]
[White "Paul_Potts_Nessun_Dorma"]
[Black "RicardoLuiz"]
[Result "1-0"]
[WhiteElo "1263"]
[BlackElo "1143"]

1. e4 e5 2. Nf3 Nc6 3. Bc4 Bc5 4. O-O Nd4 5. c3 Ne6 6. b4 Bd6 7. d4 Nf6 8. Bxe6
dxe6 9. dxe5 Bxe5 10. Nxe5 Nxe4 11. Qh5 g6 12. Qf3 Nd6 13. Rd1 O-O 14. Bh6 Re8
15. c4 f5 16. Qc3 1-0

[Event "AUTO-BEG-227"]
[Site "http://www.queenalice.com/game.php?id=421641"]
[Date "2008.6.22"]
[Round "1"]
[White "RicardoLuiz"]
[Black "Paul_Potts_Nessun_Dorma"]
[Result "0-1"]
[WhiteElo "1143"]
[BlackElo "1248"]

1. e4 e5 2. Nf3 Nc6 3. Bc4 Bc5 4. d3 Nf6 5. Ng5 Rg8 6. Bxf7+ Kf8 7. Bxg8 Kxg8 8.
Qf3 d6 9. Nc3 Nd4 10. Qd1 Qf8 11. Be3 Ng4 12. f3 Nxe3 13. Qd2 Ndxc2+ 14. Ke2
Nxa1 15. Rxa1 Nxg2 16. Nd5 Be3 0-1

[Event "AUTO-BEG-240"]
[Site "http://www.queenalice.com/game.php?id=445584"]
[Date "2008.8.8"]
[Round "1"]
[White "Paul_Potts_Nessun_Dorma"]
[Black "dhiratsuka"]
[Result "0-1"]
[WhiteElo "1276"]
[BlackElo "1496"]

1. e4 Nf6 2. d3 d5 3. e5 Nfd7 4. Nf3 e6 5. c4 c6 6. Nc3 f5 7. Ng5 Nxe5 8. d4
Nxc4 9. Bxc4 dxc4 10. O-O Bd6 11. Qh5+ g6 12. Qh4 Qe7 13. Qh6 Bc7 14. Re1 e5 15.
b3 Qf8 16. Qh4 Qb4 17. Nxh7 Qxc3 18. Qh6 Qxe1# 0-1

[Event "AUTO-BEG-240"]
[Site "http://www.queenalice.com/game.php?id=445585"]
[Date "2008.8.8"]
[Round "1"]
[White "dhiratsuka"]
[Black "Paul_Potts_Nessun_Dorma"]
[Result "1-0"]
[WhiteElo "1472"]
[BlackElo "1268"]

1. e4 e5 2. Ne2 Nc6 3. g3 Bc5 4. Bg2 Nf6 5. c3 d6 6. h3 O-O 7. g4 d5 8. g5 Nxe4
9. h4 Nxf2 10. d4 Nxd1 11. dxc5 Nxb2 12. Bxb2 d4 13. Nd2 Qd7 14. cxd4 exd4 15.
h5 Nb4 16. Be4 d3 17. Nd4 Qa4 18. a3 Nc2+ 19. Nxc2 Qxc2 20. Be5 Qxc5 21. Bf4 Qc3
22. O-O 1-0

[Event "AUTO-BEG-227"]
[Site "http://www.queenalice.com/game.php?id=500695"]
[Date "2008.11.30"]
[Round "2"]
[White "vagner_pirai"]
[Black "Paul_Potts_Nessun_Dorma"]
[Result "1-0"]
[WhiteElo "1997"]
[BlackElo "1323"]

1. e4 e5 2. Nf3 Nc6 3. d4 exd4 4. Nxd4 Bc5 5. Be3 d6 6. Nxc6 bxc6 7. Bxc5 dxc5
8. Qxd8+ Kxd8 9. Bc4 Be6 10. Bxe6 fxe6 11. Nd2 Nf6 12. O-O-O Re8 13. Nb3+ Ke7
14. Nxc5 Kf8 15. Nd7+ Nxd7 16. Rxd7 1-0

[Event "AUTO-BEG-227"]
[Site "http://www.queenalice.com/game.php?id=500696"]
[Date "2008.11.30"]
[Round "2"]
[White "Paul_Potts_Nessun_Dorma"]
[Black "vagner_pirai"]
[Result "0-1"]
[WhiteElo "1325"]
[BlackElo "1995"]

1. e4 c6 2. Nf3 d5 3. e5 Bf5 4. Bd3 Bxd3 5. cxd3 e6 6. d4 Nd7 7. d3 c5 8. Bg5
Be7 9. Qd2 Bxg5 10. Nxg5 cxd4 11. f4 h6 12. Nf3 Qb6 13. O-O Ne7 14. Qf2 Nf5 0-1

[Event "AUTO-INT-1151"]
[Site "http://www.queenalice.com/game.php?id=514744"]
[Date "2008.12.30"]
[Round "1"]
[White "Paul_Potts_Nessun_Dorma"]
[Black "J_Ricardo"]
[Result "0-1"]
[WhiteElo "1378"]
[BlackElo "1548"]

1. e4 e5 2. Nf3 d6 3. Bc4 h6 4. d4 Bg4 5. dxe5 Nc6 6. exd6 cxd6 7. Bb5 a6 8.
Bxc6+ bxc6 9. O-O Nf6 10. h3 Bh5 11. g4 Bg6 12. h4 Nxg4 13. Nh2 Nxh2 14. Kxh2
Bxe4 15. f3 Qxh4+ 16. Kg2 Bf5 17. Rh1 Qf6 18. Re1+ Be7 19. Be3 O-O 20. Kf2 Qxb2
21. Nd2 Bxc2 22. Qe2 Bh4+ 23. Kf1 Bxe1 24. Rxe1 Qxa2 25. Qg2 Rae8 26. Bxh6 Bg6
27. Bf4 Bd3+ 28. Kf2 Re6 29. Rg1 Bg6 30. Rh1 Rfe8 31. Qh2 Re2+ 32. Kg3 Rxh2 33.
Rxh2 d5 34. Nf1 Qb1 35. Ne3 Qg1+ 36. Ng2 a5 37. Rh4 Re2 38. Rh2 a4 39. Bd6 Qf2+
40. Kf4 Re4+ 41. Kg5 f6+ 42. Kxg6 Qa7 43. Rh7 Qf7+ 44. Kf5 Kxh7 45. fxe4 Qg6+
0-1

[Event "AUTO-INT-1151"]
[Site "http://www.queenalice.com/game.php?id=514745"]
[Date "2008.12.30"]
[Round "1"]
[White "J_Ricardo"]
[Black "Paul_Potts_Nessun_Dorma"]
[Result "0-1"]
[WhiteElo "1591"]
[BlackElo "1352"]

1. e4 e5 2. d3 Nc6 3. c3 Bc5 4. Nf3 d6 5. h3 f5 6. exf5 Bxf5 7. b4 Bb6 8. Nbd2
Qf6 9. Nc4 O-O-O 10. a3 e4 11. dxe4 Bxe4 12. Be3 Bxf3 13. Qxf3 Qxc3+ 14. Nd2
Qxa1+ 15. Ke2 Nd4+ 16. Bxd4 Qxd4 17. Ke1 Nf6 18. Be2 Rhe8 19. Nb3 Qb2 20. Nd2
Qc1# 0-1

[Event "Brasil X Australia"]
[Site "http://www.queenalice.com/game.php?id=528495"]
[Date "2009.1.24"]
[Round "-"]
[White "Paul_Potts_Nessun_Dorma"]
[Black "CAPCHEK"]
[Result "0-1"]
[WhiteElo "1369"]
[BlackElo "1341"]

1. e4 e5 2. Nf3 d6 3. Bc4 Nc6 4. d3 Nf6 5. Bg5 a5 6. O-O a4 7. b3 a3 8. d4 b6 9.
Nxa3 Rxa3 10. Bxf6 gxf6 11. Bb5 Qd7 12. dxe5 fxe5 13. Qd5 Bb7 14. Ng5 f6 15. Ne6
Ke7 16. f4 Qxe6 17. Bxc6 Qxd5 18. exd5 Bxc6 19. dxc6 exf4 20. Rxf4 Ra5 21. a4
Rc5 22. Re1+ Re5 23. Ref1 Bg7 24. Kf2 Rc5 25. Re1+ Kf7 26. c4 Rxc6 27. g4 Rc5
28. h4 h6 29. Rfe4 d5 30. cxd5 Rxd5 31. Re7+ Kg6 32. Kf3 Rd3+ 33. Kf2 Rxb3 34.
Rxc7 Rg8 35. Ree7 h5 36. gxh5+ Kh6 37. Rb7 Kxh5 0-1